01525nam a22003737a 4500003000500000005001700005008004100022010001000063011001000073035001000083040000900093090001000102100004000112245010900152260004000261300001100301502007500312590003700387590004100424590004100465590004100506590004100547590004100588590004200629650004000671650005600711901000700767942000900774949004300783949004800826999001700874952013200891952012801023CHAP20220817042254.0971013s1995 r 00010 d a39169 a40141 a44266 cCHAP aTesis00aAguilar Jiménez, Juan Luis.92732 aPrograma computacional para estimar los requerimientos nutricionales de los bovinos productores de leche aChapingo, Méx. :bEl autor,c1995 a106 h. aTesis (Ing. Agr. Esp. en Zootecnia) -- UACH. Departamento de Zootecnia aALEPHb10c20130110lUCH01h1306 aBATCH-UPDb10c20130109lUCH01h2348 aBATCH-UPDb10c20130110lUCH01h1219 aBATCH-UPDb10c20130409lUCH01h1918 aBATCH-UPDb10c20130410lUCH01h0755 aBATCH-UPDb10c20130913lUCH01h2310 aCONVERSIONb10c20130109lUCH01h132214aGanado lecheroxNutrición.94528114aProcesamiento automático de datos en ganadería. aBK cFOLL bBCcTESd-101429eTS1h27660i44266si bBCcTESd-101430eTS2fc.2h27661i44266si c39169d39169 00102local4053708TESISaBCbBCcPA_TESISd2019-12-31fFOLLl0oTesisp-101430r2019-12-31 00:00:00tc.2w2019-12-31yTESIS 00102local4051708TESISaBCbBCcPA_TESISd2019-12-31fTESISl0oTesisp-101429r2019-12-31 00:00:00w2019-12-31yTESIS